Nueva Sociedad / (Septiembre-Octubre 2022) 301
Shranjeno v:
| Korporativna značnica: | |
|---|---|
| Format: | Knjiga |
| Jezik: | Spanish |
| Izdano: |
Buenos Aires, Argentina
Fundación Friedrich Ebert; Nueva Sociedad
2022
|
| Teme: | |
| Online dostop: | texto completo desde el sitio de la revista |
| Oznake: |
Označite
Brez oznak, prvi označite!
|
MARC
| LEADER | 00000nam a22000007a 4500 | ||
|---|---|---|---|
| 003 | cru CIDCACS/IIS | ||
| 005 | 20230220112013.0 | ||
| 007 | ta | ||
| 008 | 170320|2022 ag ||||| |||| 00| 0 spa d | ||
| 040 | |c CRAI/IIS |a CRAI/IIS | ||
| 090 | |a REV0712 (301) 2022 | ||
| 110 | 2 | |9 3426 |a Fundación Friedrich Ebert | |
| 245 | 1 | |a Nueva Sociedad / |c Fundación Friedrich Ebert, Nueva Sociedad |b (Septiembre-Octubre 2022) 301 | |
| 260 | |b Fundación Friedrich Ebert; |b Nueva Sociedad |a Buenos Aires, Argentina |c 2022 | ||
| 270 | |a Defensa 1111, 1º A, C1065AAU |b Buenos Aires, |d República de Argentina |m canje@nuso.org/ info@nuso.org | ||
| 300 | |a 179 páginas | ||
| 310 | |a Bimensual | ||
| 505 | |a COYUNTURA ¿Por qué ganó el rechazo a la nueva Constitución chilena? Noam Titelman y Tomás Leighton (páginas 4-14) TRIBUNA GLOBAL “El canqrio en la mina”: la crisis de Sri Lanka y las protestas ciudadanas. Entrevista a Balasingham Skanthakumar Éric Toussaint (páginas 15-32) TEMA CENTRAL La OTAN ante los retos globales (1987-2022) Pere Ortega (páginas 33-49) El frente de la transición enérgica Helen Thompson (páginas 50-59) China ante la invasión energética Xulio Ríos (páginas 64-81) América del Sur en la nueva geopolítica global. Entrevista a Celso Amorim Sergio Lirio (páginas 82-92) Nostalgia tóxica: de Putin a Trump y las caravanas de caminones Naomi Klein (páginas 93-104) Guerra, represión y disdencia en la Rusia de Putin. Entrevista a Boris Kagarlitsky Federico Fuentes (páginas 105-116) Turquía y Rusia: equilibro geopolítico y antioccidentalismo Galip Dalay (páginas 117-130) Sentimiento nacional y batallas por la memoria en Ucrania Bertrand de Franqueville y Adrien Nonjon (páginas 131-143) Una larga caminata con el imperialismo ruso en la mochila Zbigniew Marcin Kowalewski (páginas 144-162) ENTREVISTA 50 AÑOS Vida y obra de la princesa roja Elena Poniatowska y Mariano Schuster (páginas 163-176) | ||
| 650 | 1 | 0 | |9 306 |a ELECCIONES |
| 650 | 1 | 0 | |9 137 |a REVOLUCION |
| 650 | 4 | |9 3427 |a EPOCA INDEPENDIENTE | |
| 650 | 1 | 0 | |9 136 |a HISTORIA |
| 650 | 1 | 0 | |9 2228 |a SINDICALISMO |
| 650 | 1 | 0 | |9 88 |a MUJERES |
| 650 | 4 | |9 3428 |a DEMOGRAFIA | |
| 650 | 4 | |9 1839 |a DEUDA EXTERNA | |
| 650 | 4 | |9 3429 |a INICIATIVA PARA LA CUENCA DEL CARIBE | |
| 651 | 1 | 0 | |9 17 |a AMERICA LATINA |
| 651 | 1 | 0 | |9 128 |a AMERICA CENTRAL |
| 856 | |u https://www.nuso.org/edicion-impresa/ |y texto completo desde el sitio de la revista | ||
| 942 | |2 ddc |c PP |h REV0712 (301) 2022 |i 23106 |6 REV0712_301_2022_23106 | ||
| 999 | |c 44620 |d 44620 | ||
| 773 | 0 | |0 19022 |9 7847 |a Fundación Friedrich Ebert |d Fundación Friedrich Ebert; Nueva Sociedad Buenos Aires, Argentina |o 23690 |t Nueva Sociedad / | |
